| 000 | 01048 a2200325 4500 | ||
|---|---|---|---|
| 999 |
_c75266 _d32164 |
||
| 001 | 75266 | ||
| 003 | TR-AnTOB | ||
| 005 | 20230814145623.0 | ||
| 008 | 130703s1999 tu 000 0 | ||
| 040 |
_aTR-AnTOB _beng _cTR-AnTOB _erda |
||
| 041 | _atur | ||
| 050 | 0 |
_aHD9710 _b.G86 1999 |
|
| 090 |
_aHD9710 _b.G86 1999 |
||
| 245 | 0 |
_aGümrük birliği çerçevesinde Avrupa Birliği ve Türkiye'de otomotiv sektörü / _chazırlayan: Leyla Tunç Yeltin. |
|
| 264 |
_aİstanbul : _bİktisadi Kalkınma Vakfı, _c1999. |
||
| 300 |
_a90 sayfa : _btablo ; _c27 cm. |
||
| 336 |
_2rdacontent _atext _btxt |
||
| 337 |
_2 rdamedia _aunmediated _bn |
||
| 338 |
_2rdacarrier _avolume _bnc |
||
| 490 | 0 |
_aİktisadi Kalkınma Vakfı ; _v154 |
|
| 504 | _aKaynakça var. | ||
| 650 | 0 |
_aAutomobile industry and trade _zTurkey _955881 |
|
| 650 | 0 |
_aAutomobile industry and trade _zEurope _955882 |
|
| 700 |
_aYeltin, Leyla Tunç _955880 |
||
| 902 | _a0029868 | ||
| 903 | _aMerkez Kütüphane | ||
| 942 |
_cBK _2lcc |
||
| 945 | _aZŞ, BS | ||